[Event "HUN-chT U20"]
[Site "Budapest"]
[Date "2004.12.29"]
[Round "4"]
[White "Bereznai, Henrik"]
[Black "Vinnai, Lejla"]
[Result "1-0"]
[WhiteElo "1469"]
[BlackElo "1453"]
[PlyCount "99"]
[EventDate "2004.12.27"]
[EventType "team"]
[EventRounds "7"]
[EventCountry "HUN"]
[SourceTitle "EXT 2008"]
[Source "ChessBase"]
[SourceDate "2007.11.25"]
[SourceVersion "1"]
[SourceVersionDate "2007.11.25"]
[SourceQuality "1"]

1. d4 d5 2. c4 e6 3. Nf3 f5 4. Nc3 c6 5. Bf4 Nf6 6. e3 Bd6 7. Bg3 0-0 8. Bd3 Ne4 9. 0-0 Bxg3 10. hxg3 Rf6 11. Nd2 Nxc3 12. bxc3 Rh6 13. g4 Qh4 14. f3 Qh2+ 15. Kf2 Qh4+ 16. Kg1 Qg3 17. Qe1 Qh2+ 18. Kf2 fxg4 19. fxg4 Rf6+ 20. Nf3 Qh4+ 21. Ke2 Qxg4 22. Qh4 Qxh4 23. Nxh4 Nd7 24. Rf3 g5 25. Rxf6 Nxf6 26. Nf3 h6 27. Rh1 Kg7 28. Ne5 Bd7 29. Rb1 Rb8 30. Rb4 Be8 31. c5 h5 32. a4 Bd7 33. a5 Bc8 34. Nxc6 Ra8 35. Ne7 Kf7 36. Nxc8 Rxc8 37. Rxb7+ Ke8 38. Rxa7 Kd8 39. Rb7 Ra8 40. a6 Kc8 41. c6 Ne8 42. c4 Rxa6 43. cxd5 Ra2+ 44. Kf3 exd5 45. Bf5+ Kd8 46. Rd7+ Kc8 47. Ra7+ Kb8 48. Rxa2 Kc7 49. Bd7 Nd6 50. Ra5 1-0